| 000 | 00456nam a22001817a 4500 | ||
|---|---|---|---|
| 003 | CEME | ||
| 005 | 20210628205119.0 | ||
| 008 | 210225b xxu||||| |||| 00| 0 eng d | ||
| 020 | _a0-470-27149-3 | ||
| 040 | _c. | ||
| 082 | _a620.112 SIN'E | ||
| 100 |
_aSingh, P. N Jha, Prem Kummar _973977 |
||
| 245 | _aElementary mechanics of solids | ||
| 260 |
_aNEWYOR _bJOHN WILEY _c1980 |
||
| 300 | _aXVI, 616P | ||
| 650 |
_a ACC NO- _973978 |
||
| 942 |
_cBK _2ddc |
||
| 999 |
_c579575 _d579575 |
||